004560000a2200085000450024502400000004100140024070000200025410000360027477300600031010aCiclo de desarrollo y hospederos de Heraclides anchisiades anchisiades (Lepidoptera: Papilionidae) sun modelo exploratorio para evaluar la sostenibilidad de la cría de mariposas ornamentales en la comunidad indígena de Peña Roja0 aEspañol1 aFagua, Giovanny1 aGómez S., María del Rosario1 tRevista Colombiana de Entomologíah1q69-81d2002g28